Normal view
MARC view
- Career changes
Entry Topical Term
001 - CONTROL NUMBER
- control field: 96564
003 - CONTROL NUMBER IDENTIFIER
- control field: NUST
005 - DATE AND TIME OF LATEST TRANSACTION
- control field: 20220806151249.0
008 - FIXED-LENGTH DATA ELEMENTS
- fixed length control field: 220806|| aca||aabn | a|a d
040 ## - CATALOGING SOURCE
- Original cataloging agency: NUST
- Transcribing agency: NUST
150 ## - HEADING--TOPICAL TERM
- Topical term or geographic name entry element: Career changes
670 ## - SOURCE DATA FOUND
- Source citation: Work cat.: (NUST)0: Bolles, Richard Nelson, author. 95309, What color is your parachute? 2020 :
